Biện pháp quản lý hoạt động dạy học đáp ứng yêu cầu nâng cao chất lượng đào tạo tại trường ĐH Dân lập Duy Tân
Cơ sở lí luận của việc quản lý hoạt động dạy học ở trường Đại học. Thực trạng quản lý hoạt động dạy học ở trường ĐH Dân lập Duy Tân. Biện pháp quản lý hoạt động dạy học ở trường ĐHDL Duy Tân
Wedi'i Gadw mewn:
| Prif Awdur: | |
|---|---|
| Awduron Eraill: | |
| Fformat: | Llyfr |
| Iaith: | Vietnamese |
| Cyhoeddwyd: |
Đà Nẵng
Đại học Đà Nẵng
2007
|
| Pynciau: | |
| Tagiau: |
Ychwanegu Tag
Dim Tagiau, Byddwch y cyntaf i dagio'r cofnod hwn!
|
| Thư viện lưu trữ: | Mạng thư viện Đại học Đà Nẵng |
|---|
| LEADER | 01695nam a2200349 4500 | ||
|---|---|---|---|
| 001 | 000010714 | ||
| 003 | 6927 | ||
| 005 | 20111219151253.0 | ||
| 008 | 111219s2007 viesd | ||
| 041 | |a vie | ||
| 072 | |a Luận văn Thạc sĩ Khoa học Giáo dục | ||
| 082 | |a 378.1 |b PH-S | ||
| 100 | |a Phan Văn Sơn | ||
| 245 | |a Biện pháp quản lý hoạt động dạy học đáp ứng yêu cầu nâng cao chất lượng đào tạo tại trường ĐH Dân lập Duy Tân |c Phan Văn Sơn ; Lê Quang Sơn hướng dẫn. | ||
| 260 | |a Đà Nẵng |b Đại học Đà Nẵng |c 2007 | ||
| 300 | |a 115tr. |c 29 cm | ||
| 500 | |a Luận văn Thạc sĩ Khoa học Giáo dục. Chuyên ngành: Quản lý Giáo dục. Mã số: 60.14.05 | ||
| 520 | |a Cơ sở lí luận của việc quản lý hoạt động dạy học ở trường Đại học. Thực trạng quản lý hoạt động dạy học ở trường ĐH Dân lập Duy Tân. Biện pháp quản lý hoạt động dạy học ở trường ĐHDL Duy Tân | ||
| 653 | |a Quản lý Giáo dục | ||
| 653 | |a Luận văn Thạc sĩ Khoa học Giáo dục | ||
| 653 | |a Hoạt động dạy học | ||
| 700 | |a Lê Quang Sơn |c TS |e Hướng dẫn | ||
| OWN | |a LSP | ||
| AVA | |a UDN50 |b LSP |d 378.1 PH-S |e available |t Error 5001 Not defined in file expand_doc_bib_avail. |f 1 |g 0 |h N |i 0 |k 1 | ||
| 999 | |a From the UDN01 | ||
| AVA | |a UDN50 |b LSP |d 378.1 PH-S |e available |t Error 5001 Not defined in file expand_doc_bib_avail. |f 1 |g 0 |h N |i 0 |k 1 | ||
| TYP | |a Monograph | ||
| TYP | |a Printed language | ||
| 980 | |a Mạng thư viện Đại học Đà Nẵng | ||